| 000 | 00749nam a2200253 i 4500 | ||
|---|---|---|---|
| 001 | 18338 | ||
| 003 | ES-MaACL | ||
| 005 | 20250408063056.0 | ||
| 007 | t| | ||
| 008 | 011015s2000 sp ||||0| spa j | ||
| 020 | _a84-7702-333-6 | ||
| 080 | _a821.134.2-31"19" | ||
| 100 | 0 |
_aTrapiello, Andrés, _d1953- _9111233 |
|
| 245 | 1 | 4 |
_aLos caminos de vuelta / _cAndrés Trapiello. |
| 250 | _a1ª ed. | ||
| 260 |
_aMadrid : _bValdemar, _c2000. |
||
| 300 |
_a341 p. ; _c22 cm. |
||
| 490 | 1 |
_aClásicos de traje gris ; _v3 |
|
| 490 | 1 |
_aEl club Diógenes ; _v151 |
|
| 830 | 0 |
_aClásicos de traje gris ; _v3 _9228791 |
|
| 830 | 0 |
_aEl club Diógenes ; _v151 _9179784 |
|
| 852 |
_aES-MaACL _jL-24988 _bR.130313 |
||
| 999 |
_c18338 _d18338 |
||